On This Day (March 14th) Multiple Choice - Statistics

General Stats
  • This quiz has been taken 10 times
    4 since last reset
  • The average score is 7 of 16
Answer Stats
Question Answer % Correct
1984 - Gerry Adams, head of Irelands Sinn Féin party, is seriously wounded in an assassination attempt in which city ? Belfast
100%
2013 - 7 people are killed after gunmen storm a bar in which city ? Cancun, Mexico
100%
1794 – Eli Whitney is granted a patent for what invention ? Cotton Gin
100%
1971 - The Rolling Stones leave England for France for what reason ? Escape Taxes
100%
1966 - The British film "Born Free" is released, it is based on the book "Born Free" by which author? Joy Adamson
100%
2017 - European Court of Justice rules companies can ban staff from wearing what ? Religious Symbols
100%
1997 - President Clinton trips & injures what part of his body that then requires surgery ? Knee
50%
1903 - The first national bird reservation is established in which city ? Sebastian, Florida
50%
2017 - World's oldest golf club, Muirfield in Scotland, votes to admit women as members for the first time in how many years ? 273
0%
2019 - Google announces its employee Emma Haruka Iwao, using Google Cloud, has broken the world record for calculating pi, to how many digits ? 31.4 trillion
0%
1926 – A train falls off a bridge over the Río Virilla between Heredia and Tibas, killing 248 people in which country? Costa Rica
0%
1757 – Admiral Sir John Byng is convicted of war crimes and executed by firing squad aboard which ship? HMS Monarch
0%
2019 - Cyclone Idai causes over 1,000 deaths after making landfall in which country? Mozambique
0%
1923 - US President Warren G. Harding becomes the first president to do what ? Pay Taxes
0%
1942 – Orvan Hess and John Bumstead became the first in the United States to successfully treat a patient, Anne Miller, using what? Penicillin
0%
1885 – Which opera by Gilbert and Sullivan, receives its first public performance in London ? The Mikado
0%
No matching quizzes found
Score Distribution
Percent of People with Each Score
Percentile by Number Answered
Your Score History
You have not taken this quiz since the last reset